000
00206nam a2200085Ia 4500
008
120527s9999 xx 000 0 und d
100
_a
CRANE,Eva
245
_a
Beekeeping sometools for Agriculture
942
_c
BK
999
_c
25182
_d
25182